| 000 | 00000nam 2200000za 4500 |
| 001 | 9.843673 |
| 003 | CaOODSP |
| 005 | 20221107152556 |
| 007 | cr ||||||||||| |
| 008 | 170914s1969 onc |oi f|0| 0 eng d |
| 040 | |aCaOODSP|beng |
| 043 | |an-cn--- |
| 086 | 1 |aCS12-202/1969E-PDF |
| 245 | 00|aCanadian Socio-economic Information Management System (CANSIM) |h[electronic resource] : |bsummary reference index. |
| 260 | |aOttawa : |b[Dominion Bureau of Statistics], |c1969. |
| 300 | |a[18] p. |
| 500 | |aDigitized edition from print [produced by Statistics Canada]. |
| 500 | |aCover title. |
| 520 | |a"This Summary Reference Index represents a key to the contents of CANSIM, the Canadian Socio-economic Information Management System, and is the first step in locating and ordering time series from the system"--Foreword. |
| 692 | 07|2gccst|aIndexes |
| 692 | 07|2gccst|aDatabases |
| 710 | 1 |aCanada. |bDominion Bureau of Statistics. |
| 856 | 40|qPDF|s2.17 MB|uhttps://publications.gc.ca/collections/collection_2017/statcan/CS12-202-1969-eng.pdf |
| 986 | |a12-202 |